| 000 | 00452nam a2200193Ia 4500 | ||
|---|---|---|---|
| 005 | 20240823052034.0 | ||
| 008 | 240823s9999||||xx |||||||||||||| ||und|| | ||
| 020 | _a978-81-8487-104-3 | ||
| 041 | _aENGLISH | ||
| 082 | _A539 Q3 | ||
| 100 | _aDevanathan V | ||
| 245 | 0 | _aNuclear Physics | |
| 250 | _a2nd | ||
| 260 |
_c2013 _bNarosa Publishing House New |
||
| 500 | _aYES | ||
| 650 |
_aNuclear Physics _bPhysics |
||
| 942 | _cBK | ||
| 999 |
_c220939 _d220939 |
||